Catálogo
Digital

Catálogo
Digital

AutoCAD para todos 2012 (Record no. 14246)

MARC details
000 -CABECERA
campo de control de longitud fija 01714nam a2200301 4500
003 - IDENTIFICADOR DEL NÚMERO DE CONTROL
campo de control EC-UNACH
005 - FECHA Y HORA DE LA ÚLTIMA TRANSACCIÓN
campo de control 20251204105718.0
006 - CÓDIGOS DE INFORMACIÓN DE LONGITUD FIJA--CARACTERÍSTICAS DEL MATERIAL ADICIONAL
campo de control de longitud fija s||||gr|||| 00| 00
008 - DATOS DE LONGITUD FIJA--INFORMACIÓN GENERAL
campo de control de longitud fija 150116t9999 mx r gr 000 0 spa d
020 ## - NÚMERO INTERNACIONAL ESTÁNDAR DEL LIBRO
Número Internacional Estándar del Libro 978-612-40005-76-3
040 ## - FUENTE DE LA CATALOGACIÓN
Centro catalogador/agencia de origen EC-UNACH
Centro/agencia transcriptor EC-UNACH
041 ## - CÓDIGO DE LENGUA
Código de lengua del texto/banda sonora o título independiente spa
082 04 - NÚMERO DE LA CLASIFICACIÓN DECIMAL DEWEY
Número de edición 23
Número de clasificación 005.3
Número de documento/Ítem L018419
110 ## - ENTRADA PRINCIPAL--NOMBRE DE ENTIDAD CORPORATIVA
Nombre de entidad corporativa o nombre de jurisdicción como elemento de entrada Megabyte
245 ## - MENCIÓN DE TÍTULO
Título AutoCAD para todos 2012
250 ## - MENCIÓN DE EDICIÓN
Mención de edición Primera Edición
264 ## - Producción, publicación, distribución, fabricación y copyright
Lugar de producción, publicación, distribución, fabricación Ecuador
Nombre del de productor, editor, distribuidor, fabricante Megabyte
Fecha de de producción, publicación, distribución, fabricación o copyright 2012
300 ## - DESCRIPCIÓN FÍSICA
Extensión 1095
505 ## - NOTA DE CONTENIDO CON FORMATO
Nota de contenido con formato niciando autocad. -- Configuración de un dibujo. -- Gestión de un dibujo. -- Selección de objetos y utilidades de ayuda para un dibujo. -- Comandos de dibujo y edición I. -- Comandos de visualización. -- Comandos de dibujo y edición II. -- Comandos de consulta. -- Propiedades de los objetos. -- Dibujo y edición de objetos complejos. -- Texto en autocad. -- Dibujo y edición de sombreados. -- Acotaciones y directrices. -- Dibujo paramétrico. -- Bloques, atributos y design center. -- Normas de dibujo y conjunto de planos. -- Referencias externas e imágenes. -- Presentaciones e impresión en autocad. -- Tablas en autocad. -- Dibujo en tres dimensiones. -- Creación y edición de superficies. -- Creación y edición de mallas. -- Creación y Edición de sólidos. -- Texturizado de un dibujo en 3D. -- Autocad en Internet. -- Aplicaciones y configuración.
650 ## - PUNTO DE ACCESO ADICIONAL DE MATERIA--TÉRMINO DE MATERIA
Término de materia o nombre geográfico como elemento inicial INICIANDO AUTOCAD
650 ## - PUNTO DE ACCESO ADICIONAL DE MATERIA--TÉRMINO DE MATERIA
Término de materia o nombre geográfico como elemento inicial CONFIGURACIÓN DE UN DIBUJO
650 ## - PUNTO DE ACCESO ADICIONAL DE MATERIA--TÉRMINO DE MATERIA
Término de materia o nombre geográfico como elemento inicial INGENIERÍA CIVIL AUTOCAD DIBUJO COMANDOS
700 ## - PUNTO DE ACCESO ADICIONAL--NOMBRE DE PERSONA
Nombre de persona Ing. Wilson Quezada Cerna / Ing. Carlos J Quezada Cerna
942 ## - ELEMENTOS DE PUNTO DE ACCESO ADICIONAL (KOHA)
Fuente del sistema de clasificación o colocación Clasificación Decimal Dewey
Tipo de ítem Koha Libros
999 ## - NÚMEROS DE CONTROL DE SISTEMA (KOHA)
Koha biblionumber 14246
Holdings
Estado de pérdida Fuente del sistema de clasificación o colocación Estado dañado No para préstamo Localización permanente Ubicación/localización actual Ubicación en estantería Fecha de adquisición Fuente de adquisición Número de inventario Total de préstamos Signatura topográfica completa Código de barras Fecha visto por última vez Precio válido a partir de Tipo de ítem Koha Centro de costos
  Clasificación Decimal Dewey     Biblioteca Campus Norte Biblioteca Campus Norte Facultad de Ingeniería - Generalidades 04/12/2025 Transitoria segunda Resolución N°0311-CU-UNACH-SE-ORD-16-09-24 39933333   005.3 QUE L018419 L018419 04/12/2025 04/12/2025 Libros  

Powered by Koha